First pokemon... - Statistics

General Stats
  • This quiz has been taken 35 times
  • The average score is 6 of 8
Answer Stats
Hint Answer % Correct
...by pokedex number bulbasaur
100%
...obtained by Ash in the anime pikachu
100%
...to exist (ancestor of all the other pokemons) mew
97%
...to exist (creator god of the pokemon universe) arceus
94%
...designed by their creator rhydon
76%
...to appear in the beginning of the first game (2/2) gengar
64%
...without any evolution (by pokedex number) farfetch'd
58%
...to appear in the beginning of the first game (1/2) nidorino
58%
No matching quizzes found
Score Distribution
Percent of People with Each Score
Percentile by Number Answered
Your Score History
You have not taken this quiz